000
00296nam a2200121Ia 4500
008
190216s9999||||xx |||||||||||||| ||und||
100
_a
Sathya Nathaier R
245
0
_a
"History Of India Vol 1,Ii"
260
_b
S Vishwanathan
_c
1978
300
_a
496p
650
_a
History Of India
942
_c
BK
999
_c
19040
_d
19040